000 00467nam a2200157Ia 4500
999 _c18084
_d18084
003 OSt
005 20200606120050.0
008 190216s9999||||xx |||||||||||||| ||und||
040 _cMESKC library
082 _a891.431
_bAGR/P
100 _aAgrawal, Kedarnath
_9316
245 0 _aPankh Aur Pathvar /
_cKedarnath Agrawal
260 _bParimal Prakashan,
_aAllahabad:
_c2000.
300 _a198p
942 _cBK
_2ddc
_h891.431
_iAGR/P
_k891.431
_mAGR/P